header

Shelley's goddess (Record no. 51738)

MARC details
000 -LEADER
fixed length control field 01447nam a2200349Ia 4500
100 1# - MAIN ENTRY--AUTHOR NAME
Personal name Gelpi, Barbara Charlesworth.
245 10 - TITLE STATEMENT
Title Shelley's goddess
260 ## - PUBLICATION, DISTRIBUTION, ETC. (IMPRINT)
Place of publication New York :
Name of publisher Oxford University Press,
Year of publication 1992.
300 ## - PHYSICAL DESCRIPTION
Number of Pages xviii, 311 p. :
Other physical details ill.
650 #0 - SUBJECT ADDED ENTRY--TOPICAL TERM
Topical Term Mother and child in literature.
Topical Term Psychoanalysis and literature.
Topical Term Subjectivity in literature.
Topical Term Motherhood in literature.
Topical Term Infants in literature.
856 40 - ELECTRONIC LOCATION AND ACCESS
Uniform Resource Identifier http://site.ebrary.com/lib/rucke/Doc?id=10087234

No items available.

© 2026 Rongo University
Contact us: librarian | system librarian | Rongo university